Score 0/9 Timer 01:00
0 Plays Today
Clue 4-Letter Answer % Correct
What you sit onSEAT
95.2%
• Contains the eyes, nose and mouth •• FACE •
92.6%
Scorch the surface of a steakSEAR
92.5%
• Disfigurement caused by a knife cut •• SCAR •
91.2%
Dogs do this to cool themselvesPANT
90.1%
Truthful statementFACT
86.7%
Agreement between two factionsPACT
83.9%
A folder in your email clientSENT
81%
Confined (as in '___ up')PENT
79.5%

Today's Daily Dose

Remove Ads.
Support Sporcle.
Get the best of Sporcle when you Go Orange. This ad-free experience offers more features, more stats, and more fun while also helping to support Sporcle. Thank you for becoming a member.

You're not logged in!

Compare scores with friends on all Sporcle quizzes.
OR
Log In

Show Comments

Extras

Top Quizzes Today


Score Distribution

Your Account Isn't Verified!

In order to create a playlist on Sporcle, you need to verify the email address you used during registration. Go to your Sporcle Settings to finish the process.

Report this User

Report this user for behavior that violates our Community Guidelines.

Details: